000 00698cam a2200193 4500
001 L137337
008 070329s2007 xxk f 000 0 eng d
035 _a(Sirsi) u137337
041 0 _aeng
245 0 0 _aKey data
_boccupiers
260 _c2007
490 0 _aEuroProperty
_v19 March 2007, 41(1)
520 _aReports the Milan and Rome occupier markets to have had a year of relative stability due in part to relocations. Reports a sharp rise for Dublin office rents. Table shows prime European rents and yields for the major centres.
590 _aKA
651 4 _aITALY
651 4 _aDUBLIN
690 _aPROPERTY-COMMERCIAL PROPERTY-OFFICE PROPERTY-OFFICE PROPERTY MARKET
942 _n0
999 _c106738
_d106738